Journal of Language and Cultural Education
Saved in:
| Format: | Serial |
|---|---|
| Language: | English |
| Published: |
Nitra
SlovakEdu
|
| Tags: |
No Tags, Be the first to tag this record!
|
MARC
| LEADER | 00000nas1a2200000 4500 | ||
|---|---|---|---|
| 001 | 0249539 | ||
| 005 | 20250627104225.9 | ||
| 022 | |a 1339-4584 | ||
| 022 | |a 1339-4045 | ||
| 041 | 0 | |a eng | |
| 044 | |a SK | ||
| 245 | 1 | 0 | |a Journal of Language and Cultural Education |
| 264 | 1 | |a Nitra |b SlovakEdu | |